Maria Regina degli Apostoli (Record n. 9655)
[ formato base ]
| 000 -LEADER | |
|---|---|
| fixed length control field | 01073nam a2200217Ia 4500 |
| 003 - CONTROL NUMBER IDENTIFIER | |
| control field | IT-RoPAU |
| 005 - DATE AND TIME OF LATEST TRANSACTION | |
| control field | 20220918175417.0 |
| 008 - FIXED-LENGTH DATA ELEMENTS--GENERAL INFORMATION | |
| fixed length control field | 120407s9999 xx 000 0 und d |
| 040 ## - CATALOGING SOURCE | |
| Original cataloging agency | IT-RoPAU |
| 040 ## - CATALOGING SOURCE | |
| Transcribing agency | IT-RoPAU |
| 100 ## - MAIN ENTRY--PERSONAL NAME | |
| Personal name | Todaro, Luigi |
| Titles and words associated with a name | ssp |
| 9 (RLIN) | 180 |
| 245 ## - TITLE STATEMENT | |
| Title | Maria Regina degli Apostoli |
| Remainder of title | nella dottrina e nella pietà di Don Giacomo Alberione |
| 250 ## - EDITION STATEMENT | |
| Edition statement | 1° ed. |
| 260 ## - PUBLICATION, DISTRIBUTION, ETC. (IMPRINT) | |
| Place of publication, distribution, etc. | Roma |
| Name of publisher, distributor, etc. | Società San Paolo |
| Date of publication, distribution, etc. | 1994 |
| 300 ## - PHYSICAL DESCRIPTION | |
| Dimensions | 21 cm |
| Extent | 151 p. |
| 490 ## - SERIES STATEMENT | |
| Volume/sequential designation | 1 |
| 500 ## - GENERAL NOTE | |
| General note | Pubblicazione uso manoscritto. |
| 520 ## - SUMMARY, ETC. | |
| Summary, etc. | INDICE<br/>Presentazione;<br/>Introduzione;<br/>Capitolo I: Le tappe della vita di Don Alberione nel suo rapporto con Maria;<br/>Capitolo II: Maria Madre, Maestra, Regina degli Apostoli;<br/>Capitolo III: Valutazione del pensiero di Don Giacomo Alberione su Maria Regina degli Apostoli;<br/>Appendice: Una meditazione di Don G. Alberione su Maria, Regina degli Apostoli;<br/>Bibliografia;<br/>I. Fonti;<br/>Articoli pubblicati sulle riviste fondate o volute da Don Alberione;<br/>II. Studi;<br/>Altre fonti bibliografiche;<br/>Appendice iconografica. |
| 942 ## - ADDED ENTRY ELEMENTS (KOHA) | |
| Koha item type | LIBRO |
| Source of classification or shelving scheme | Dewey Decimal Classification |
| Withdrawn status | Lost status | Source of classification or shelving scheme | Damaged status | Not for loan | Home library | Current library | Date acquired | Total Checkouts | Full call number | Date last seen | Price effective from | Koha item type | Public note |
|---|---|---|---|---|---|---|---|---|---|---|---|---|---|
| Dewey Decimal Classification | Buone Condizioni | Not For Loan | PAULUS-BIBLIOTECA | PAULUS-BIBLIOTECA | 11/04/2012 | P B1 | 11/04/2012 | 11/04/2012 | LIBRO | Inserito da: Valentino In data: n.d. fondo: Fanella - Valentino Progr:25750 | |||
| Dewey Decimal Classification | Buone Condizioni | Not For Loan | PAULUS-BIBLIOTECA | PAULUS-BIBLIOTECA | 17/01/2013 | P B1 | 17/01/2013 | 17/01/2013 | LIBRO |